000 00420nam a2200181Ia 4500
001 22725
005 20260414150850.0
008 260414t2014||||xx |||||||||||||| ||spa||
041 _aESP
082 _a621.385
_bP84
100 _aPrasad, Ramjee
_eAUT
245 0 _a5G :
_b2020 and beyond
260 _c2014
300 _axix, 102 páginas :
_c24 cm.
650 _aTCA
654 _aCET
942 _cLIB
_dJUS
_fJUS
_2ddc
_n
999 _c22725
_d22725